| 000 | 00698nam a2200229 a 4500 | ||
|---|---|---|---|
| 001 | 13449 | ||
| 003 | BD-JhCC | ||
| 005 | 20230924123818.0 | ||
| 008 | 230924b2018 bg |||| ||a| 000 0 ben d | ||
| 020 | _a9789848059487 | ||
| 035 | _a(BD-JhCC)13449 | ||
| 040 |
_aBD-JhCC _dBD-JhCC |
||
| 041 | _abengali | ||
| 082 |
_223 _a891.443 _bTAG 2018 |
||
| 100 | _aঠাকুর,রবীন্দ্রনাথ | ||
| 245 |
_aছেলেবেলা / _bরবীন্দ্রনাথ ঠাকুর। |
||
| 260 |
_aঢাকা: _bজিনিয়াস পাবলিকেশন্স; _c2018. |
||
| 300 |
_a95 p. : _c22 cm. |
||
| 650 | _aBengali Novel. | ||
| 942 |
_2ddc _cBK |
||
| 999 |
_c13449 _d13449 |
||